[Event "Villa Tehuelches op 5th"]
[Site "Villa Tehuelches"]
[Date "2019.07.13"]
[Round "6"]
[White "Maldonado, Roberto"]
[Black "Gomez Barrera, Javiera Belen"]
[Result "0-1"]
[WhiteElo "1907"]
[BlackElo "2156"]
[PlyCount "139"]
[EventDate "2019.07.11"]
[EventType "swiss"]
[EventRounds "7"]
[EventCountry "CHI"]
[SourceTitle "CBM 191 Extra"]
[Source "ChessBase"]
[SourceDate "2019.09.30"]
[SourceVersion "1"]
[SourceVersionDate "2019.09.30"]
[SourceQuality "1"]

1. e4 e5 2. Nf3 Nc6 3. Bb5 a6 4. Ba4 Nf6 5. 0-0 Be7 6. Re1 b5 7. Bb3 d6 8. c3 0-0 9. h3 Bb7 10. d4 Re8 11. Nbd2 h6 12. Nf1 Bf8 13. Ng3 Na5 14. Bc2 Nc4 15. b3 Nb6 16. a4 bxa4 17. bxa4 a5 18. Rb1 Qc8 19. Bd3 Ba6 20. Bxa6 Qxa6 21. dxe5 dxe5 22. Rb5 Nc4 23. Be3 Qc6 24. Bc1 g6 25. Qb3 Nd7 26. Be3 Re6 27. Kh2 Nd6 28. Rd5 Rb8 29. Qc2 Nc4 30. Bc1 Ree8 31. Nd2 Ndb6 32. Rb5 Nxd2 33. Bxd2 Nc4 34. Rxb8 Rxb8 35. Bc1 Qb6 36. Be3 Qb3 37. Qd3 Qxa4 38. Qd5 Qb5 39. Qd1 a4 40. Bc1 a3 41. Bxa3 Bxa3 42. Qg4 Qc6 43. h4 Kh7 44. Rd1 Nb6 45. Qf3 Qe6 46. h5 Be7 47. Ra1 Qf6 48. hxg6+ fxg6 49. Qe2 Rf8 50. Ra7 Bd6 51. Kg1 Rf7 52. Rb7 Bc5 53. Nh1 h5 54. Qa2 Bd6 55. g3 Rf8 56. Ra7 Qf7 57. Qb1 Nd7 58. Qc2 Nf6 59. c4 Bc5 60. Ra5 Bd4 61. Qe2 Ng4 62. Ra2 Qf3 63. Qxf3 Rxf3 64. Kg2 Rc3 65. Kf1 Rc1+ 66. Kg2 Rxc4 67. f3 Ne3+ 68. Kh3 Rc2 69. Ra6 Nf1 70. Kh4 0-1